| 000 | 00820nam a2200229 i 4500 | ||
|---|---|---|---|
| 001 | 173544 | ||
| 003 | ES-MaACL | ||
| 005 | 20250817120124.0 | ||
| 008 | 091207s1980 sp |||| | spa d | ||
| 020 | _a84-249-3546-2 | ||
| 080 | _a875-14"-07/-03"(082.2) | ||
| 245 | 0 | 0 |
_aLírica griega arcaica _b: (poemas corales y monódicos, 700-300 a.C.) / _cintroducciones, traducción y notas por Francisco Rodríguez Adrados. |
| 260 |
_aMadrid : _bGredos, _c[1980] |
||
| 300 |
_a491 p. ; _c20 cm. |
||
| 490 | 1 |
_aBiblioteca clásica Gredos ; _v31 |
|
| 504 | _aReferencias bibliográficas. | ||
| 650 | 7 |
_aPoesías líricas griegas. _916235 |
|
| 700 | 1 |
_aRodríguez Adrados, Francisco, _d1922-2020 _998318 |
|
| 830 | 0 |
_aBiblioteca clásica Gredos ; _v31 _9177556 |
|
| 852 |
_aES-MaACL _jC-57038 |
||
| 999 |
_c173544 _d173544 |
||